=LDR 00000nam 2200000 4500 =001 INLIS000000000809591 =005 20250821102737 =035 ##$$a 0010-0825000084 =008 250821###########################0#ind## =245 ##$$a Mengenal Sistem Indra /$c Dr. Nina Surtiretna,Sp.A. =260 ##$:$b Bandung : CV Wahana Iptek., 2007 =020 ##$$a 60281134048 =084 ##$$a 611.3 SUR m =520 ##$$a Organ-organ perasaan dan susunan syaraf =082 ##$$a 611.3